[Event "Wilson Diego"]
[Site "http://www.queenalice.com/game.php?id=1214190"]
[Date "2013.9.3"]
[Round "-"]
[White "wilsondiego"]
[Black "bernhar"]
[Result "1-0"]
[WhiteElo "1275"]
[BlackElo "1805"]

1. d4 d5 2. c4 dxc4 3. e4 e5 4. Be3 Bb4+ 5. Nc3 Nf6 6. dxe5 Nxe4 7. Qxd8+ Kxd8
8. O-O-O+ Bd7 9. Nxe4 Be7 10. Bxc4 f5 11. Nc3 c6 12. e6 b5 13. exd7 bxc4 14. Na4
Na6 15. Nf3 Bf6 16. Ng5 Bxg5 17. Bxg5+ Kc7 18. Rd4 h6 19. Be7 Rab8 20. Rhd1 Rb4
21. d8=Q+ 1-0

[Event "Faith No More"]
[Site "http://www.queenalice.com/game.php?id=1219963"]
[Date "2013.9.26"]
[Round "-"]
[White "bernhar"]
[Black "ROYANDROLL"]
[Result "1-0"]
[WhiteElo "1782"]
[BlackElo "1369"]

1. e4 e5 2. Nf3 d6 3. d4 Bg4 4. Be2 Bxf3 5. Bxf3 Nc6 6. d5 Nd4 7. c3 Nb5 8. a4
Qd7 9. Bg4 Nxc3 10. Bxd7+ Kxd7 11. Nxc3 c6 12. Be3 c5 13. Qb3 b6 14. a5 Kc7 15.
axb6+ axb6 16. Rxa8 Be7 17. O-O g6 18. Rfa1 Bf6 19. R1a7# 1-0

[Event "AUTO-INT-2695"]
[Site "http://www.queenalice.com/game.php?id=1224056"]
[Date "2013.10.12"]
[Round "2"]
[White "FabioDavid"]
[Black "bernhar"]
[Result "1-0"]
[WhiteElo "2500"]
[BlackElo "1823"]

1. e4 e5 2. Nf3 Nc6 3. Bb5 Nd4 4. Nxd4 exd4 5. O-O c6 6. Bc4 d5 7. exd5 cxd5 8.
Bb5+ Bd7 9. Re1+ Be7 10. Qg4 g6 11. Qxd4 Nf6 12. Qxf6 O-O 13. Rxe7 Bxb5 14. d3
1-0

[Event "AUTO-INT-2695"]
[Site "http://www.queenalice.com/game.php?id=1224057"]
[Date "2013.10.12"]
[Round "2"]
[White "bernhar"]
[Black "FabioDavid"]
[Result "0-1"]
[WhiteElo "1807"]
[BlackElo "2503"]

1. e4 e5 2. d4 exd4 3. Qxd4 Nc6 4. Qd1 Nf6 5. Bg5 Be7 6. Bxf6 Bxf6 7. g3 Bxb2 8.
Nd2 Bxa1 9. Qxa1 O-O 10. Ngf3 d5 11. Bb5 dxe4 12. Nxe4 Re8 13. Nd2 f5 14. Bxc6
bxc6 15. Qc3 fxe4 16. Qxc6 e3 17. Qxa8 Qxd2+ 18. Kf1 Qxf2# 0-1

[Event "AUTO-INT-2695"]
[Site "http://www.queenalice.com/game.php?id=1224060"]
[Date "2013.10.12"]
[Round "2"]
[White "bernhar"]
[Black "AfeuLira"]
[Result "0-1"]
[WhiteElo "1821"]
[BlackElo "2075"]

1. e4 c5 2. Bc4 e6 3. d4 cxd4 4. Qxd4 Nc6 5. Qd1 Nf6 6. Bg5 Be7 7. Bxf6 Bxf6 8.
Ne2 Bxb2 9. Nd2 Bxa1 10. Qxa1 O-O 11. O-O d5 12. Bb5 dxe4 0-1

[Event "Moreré"]
[Site "http://www.queenalice.com/game.php?id=1246464"]
[Date "2014.1.8"]
[Round "-"]
[White "Viterasmo"]
[Black "bernhar"]
[Result "1-0"]
[WhiteElo "1521"]
[BlackElo "1790"]

1. e4 e5 2. Bc4 g6 3. d3 h6 4. Nf3 d6 5. h3 Be7 6. Be3 c5 7. Qd2 b6 8. Bd5 Nf6
9. Bxa8 Be6 10. Bxh6 Na6 11. Bc6+ Bd7 12. Bxd7+ Nxd7 13. Bg5 f6 14. Bh4 b5 15.
Nc3 Nc7 16. g4 1-0

[Event "AUTO-INT-2673"]
[Site "http://www.queenalice.com/game.php?id=1367042"]
[Date "2015.6.22"]
[Round "2"]
[White "bernhar"]
[Black "Clausimausi"]
[Result "1-0"]
[WhiteElo "1815"]
[BlackElo "1590"]

1. e4 e5 2. g3 Nc6 3. c3 Nf6 4. f3 d5 5. Bb5 d4 6. c4 Bd7 7. Bxc6 Bxc6 8. d3 Be7
9. g4 Nd7 10. h4 Nc5 11. Bg5 h6 12. Bxe7 Qxe7 13. b4 Na4 14. b5 Qb4+ 15. Nd2 Nc3
16. Qb3 Qxb3 17. axb3 1-0

[Event "AUTO-INT-2673"]
[Site "http://www.queenalice.com/game.php?id=1367043"]
[Date "2015.6.22"]
[Round "2"]
[White "Clausimausi"]
[Black "bernhar"]
[Result "0-1"]
[WhiteElo "1598"]
[BlackElo "1799"]

1. e4 e5 2. Nf3 d6 3. Bc4 Bg4 4. Nc3 c6 5. O-O Nf6 6. Re1 b5 7. Be2 Bxf3 8. Bxf3
Be7 9. d3 O-O 10. Be3 d5 11. exd5 cxd5 12. Nxb5 a6 13. Na3 Bxa3 14. bxa3 h6 15.
Rb1 Qd6 0-1

[Event "AUTO-INT-2673"]
[Site "http://www.queenalice.com/game.php?id=1367044"]
[Date "2015.6.22"]
[Round "2"]
[White "bernhar"]
[Black "brumbaz"]
[Result "1-0"]
[WhiteElo "1807"]
[BlackElo "1602"]

1. e4 e5 2. g3 Nf6 3. Bg2 Bc5 4. Nf3 Nxe4 5. O-O d6 6. d3 Nf6 7. Bg5 O-O 8. Nc3
c6 9. Bxf6 Qxf6 10. Ne4 Qd8 11. h3 Bf5 12. Nxc5 dxc5 13. Nxe5 1-0

[Event "AUTO-INT-2673"]
[Site "http://www.queenalice.com/game.php?id=1367045"]
[Date "2015.6.22"]
[Round "2"]
[White "brumbaz"]
[Black "bernhar"]
[Result "0-1"]
[WhiteElo "1611"]
[BlackElo "1790"]

1. e4 e5 2. Bc4 g6 3. Nf3 Nf6 4. Nxe5 d5 5. exd5 Nbd7 6. Qe2 Nxe5 7. d3 Qe7 8.
O-O Nxc4 9. Qxe7+ Bxe7 10. dxc4 O-O 11. Bg5 Nxd5 12. cxd5 Bxg5 13. f4 Bf6 14.
Nd2 Bxb2 0-1

[Event "Challenge"]
[Site "http://www.queenalice.com/game.php?id=1448639"]
[Date "2016.11.7"]
[Round "-"]
[White "bernhar"]
[Black "Rod_"]
[Result "1-0"]
[WhiteElo "1822"]
[BlackElo "1831"]

1. e4 e5 2. Be2 Nf6 3. d3 d5 4. Bg5 dxe4 5. Bxf6 Qxf6 6. dxe4 Bb4+ 7. c3 Bc5 8.
Bf3 O-O 9. Nd2 Qh4 10. g3 Qe7 11. b4 Bb6 12. b5 Bd7 13. Qb3 Qc5 14. O-O-O Qxf2
15. Qc4 Be6 16. Qe2 Qxe2 17. Bxe2 Bxa2 18. c4 Bd4 19. Ngf3 Be3 20. Kb2 Bxd2 21.
Rxd2 Bxc4 22. Bxc4 Re8 23. Rhd1 c6 24. Rd8 Kf8 25. Rxe8+ Kxe8 26. Nxe5 f6 27.
Nd3 Nd7 28. Nf4 Ne5 29. Be2 Ke7 30. h4 cxb5 31. Bxb5 a6 32. Be2 Rc8 33. Nd5+ Kf8
34. g4 Rc6 35. g5 fxg5 36. hxg5 Nc4+ 37. Bxc4 Rxc4 38. Rf1+ Ke8 39. e5 Re4 40.
e6 Re2+ 41. Kb3 Rg2 42. e7 Rg3+ 43. Kc4 Rg4+ 44. Kc5 Re4 45. Kd6 b5 46. Nc7# 1-0

[Event "OS INCLIVEIS"]
[Site "http://www.queenalice.com/game.php?id=1468170"]
[Date "2017.3.9"]
[Round "-"]
[White "adelio"]
[Black "bernhar"]
[Result "0-1"]
[WhiteElo "1628"]
[BlackElo "1808"]

1. d4 d5 2. e4 dxe4 3. Nc3 Nf6 4. f3 a6 5. Nxe4 Nxe4 6. fxe4 e5 7. d5 c6 8. Be2
Qh4+ 9. g3 Qxe4 10. Nf3 Bc5 11. d6 Bh3 12. Qd3 Qxd3 13. cxd3 Bg2 14. Nxe5 Bxh1
15. d7+ Nxd7 16. Nxf7 Kxf7 17. Bd2 Rhe8 18. Kd1 Ne5 19. Kc2 Bg2 20. Bf1 Bxf1 21.
Rxf1+ Kg8 22. Bc3 Ng4 23. Kb3 Nxh2 24. Rf4 b5 25. a3 Bd6 26. Rd4 Re6 27. g4 Be5
28. Re4 Rae8 29. Bxe5 Rxe5 30. Rd4 Re3 31. Kc3 Nf3 32. a4 Nxd4 33. Kxd4 bxa4 34.
Kc5 Rxd3 35. Kxc6 a3 36. bxa3 Rxa3 37. Kd7 Kf7 38. g5 Rd3+ 39. Kc6 Rc8+ 40. Kb7
Rc1 41. g6+ hxg6 42. Kxa6 Rb3 43. Ka5 Ra1# 0-1